| 000 | 00656nam a22002057a 4500 | ||
|---|---|---|---|
| 005 | 20140102104945.0 | ||
| 010 | _aENG-108926 | ||
| 020 |
_a9788120348646 _c495.00 |
||
| 035 | _aEN-92459 | ||
| 037 | _bDBAD/PUB | ||
| 082 | _a004.6 | ||
| 100 | _aGupta, Prakash C. | ||
| 245 |
_aData communications and computer networks / _cby Prakash C. Gupta |
||
| 250 | _a2th ed | ||
| 260 |
_aNew Delhi _bPHI Learning _c2014 |
||
| 270 |
_aRimjhim House,111, Patparganj Industrial Estate, _bNew Delhi _e110092 |
||
| 300 |
_axxvii,848p. : _c24cm(pbk) _bill. |
||
| 500 | _aIncludes bibliographical references and index | ||
| 942 |
_2ddc _cEN _mGUP _h004.6 |
||
| 999 |
_c81332 _d81332 |
||